| Tag |
First Indicator |
Second Indicator |
Subfields |
| LEADER |
00000cas a2200000 a 4500 |
| 001 |
in00001489310 |
| 005 |
20151021071214.0 |
| 008 |
750726d18831897mau x m 0 a0eng d |
| 010 |
|
|
|a 25012104
|z sn 84046077
|
| 019 |
|
|
|a 02444753
|a 01223150
|a 01243381
|
| 035 |
|
|
|a (OCoLC)01480711
|
| 035 |
|
|
|9 AJH1652AM
|
| 040 |
|
|
|a MUL
|c MUL
|d FUL
|d IUL
|d OCL
|d NYG
|d IUL
|d OCL
|d NST
|d HUL
|d NST
|d DLC
|d TXA
|d UtOrBLW
|
| 042 |
|
|
|a lc
|
| 043 |
|
|
|a e-gr---
|
| 049 |
|
|
|a TXAM
|
| 050 |
0 |
0 |
|a DF11
|b .A54
|
| 092 |
|
|
|a 913.3
|b A51
|
| 245 |
0 |
0 |
|a Papers of the American School of Classical Studies at Athens.
|
| 264 |
|
1 |
|a Boston :
|b Cupples, Upham and Co.,
|c 1885-1897.
|
| 300 |
|
|
|a 6 volumes :
|b illustrations ;
|c 24 cm.
|
| 310 |
|
|
|a Irregular
|
| 336 |
|
|
|a text
|b txt
|2 rdacontent
|
| 337 |
|
|
|a unmediated
|b n
|2 rdamedia
|
| 338 |
|
|
|a volume
|b nc
|2 rdacarrier
|
| 362 |
0 |
|
|a Vol. 1 (1882-1883)-v. 6 (1890-1897).
|
| 500 |
|
|
|a At head of title: Archaeological Institute of America.
|
| 500 |
|
|
|a The papers in volumes 5-6 appeared previously in the American journal of archaeology, ser. 1, volumes 5-11.
|
| 500 |
|
|
|a Included in volumes 1-5 are statements concerning the school, regulations of the school, etc., dated Jan. 1885, Jan. 1888, Feb. 1892.
|
| 580 |
|
|
|a A summary of v. 1-6, with contents, may be found in the American journal of archaeology, ser. 2, v. 1, 1897, Appendix, p. 110-111.
|
| 580 |
|
|
|a The various separate publications of the American Institute of Archaeology, and its schools were continued in 1897 by the American journal of archaeology, ser. 2.
|
| 650 |
|
0 |
|a Classical antiquities
|v Periodicals.
|
| 650 |
|
0 |
|a Archaeology
|v Periodicals.
|
| 651 |
|
0 |
|a Greece
|x Antiquities
|x Periodicals.
|
| 710 |
2 |
|
|a Archaeological Institute of America.
|
| 710 |
2 |
|
|a American School of Classical Studies at Athens.
|
| 785 |
1 |
1 |
|t American journal of archaeology
|x 0002-9114
|w (DLC) 12030242
|w (OCoLC)5696010
|
| 948 |
|
|
|a c:lf
|
| 999 |
|
|
|a MARS
|
| 999 |
f |
f |
|s 30750804-6d6d-38ac-90e2-a8c4e066c956
|i b0d08e88-f623-3fa6-b46c-c6744aa1a068
|t 0
|
| 952 |
f |
f |
|p noncirc
|a Texas A&M University
|b College Station
|c Sterling C. Evans Library
|d Bodrum (located in Turkey)
|t 0
|e DF11 .A54
|h Library of Congress classification
|i unmediated -- volume
|k v.4
|l 1885/1886
|
| 998 |
f |
f |
|a DF11 .A54
|s v.4 (1885/1886)
|t 0
|l Bodrum (located in Turkey)
|